MARC-Details
| 000 -LEADER |
| fixed length control field |
01708pam a2200517 cc4500 |
| 001 - CONTROL NUMBER |
| control field |
1060334712 |
| 003 - CONTROL NUMBER IDENTIFIER |
| control field |
DE-101 |
| 005 - DATE AND TIME OF LATEST TRANSACTION |
| control field |
20250610113343.0 |
| 007 - PHYSICAL DESCRIPTION FIXED FIELD--GENERAL INFORMATION |
| fixed length control field |
tu |
| 008 - FIXED-LENGTH DATA ELEMENTS--GENERAL INFORMATION |
| fixed length control field |
141103s2015 gw ||||| |||| 00||||ger |
| 015 ## - NATIONAL BIBLIOGRAPHY NUMBER |
| National bibliography number |
15,A27 |
| Canceled/invalid national bibliography number |
14,N46 |
| Source |
dnb |
| 016 7# - NATIONAL BIBLIOGRAPHIC AGENCY CONTROL NUMBER |
| Source |
DE-101 |
| Record control number |
1060334712 |
| 020 ## - INTERNATIONAL STANDARD BOOK NUMBER |
| International Standard Book Number |
9783770486052 |
| Terms of availability |
Pp. : EUR 7.50 (DE), EUR 7.80 (AT), sfr 11.50 (freier Pr.) |
| 035 ## - SYSTEM CONTROL NUMBER |
| System control number |
(DE-599)DNB1060334712 |
| 035 ## - SYSTEM CONTROL NUMBER |
| System control number |
(OCoLC)1184694595 |
| 035 ## - SYSTEM CONTROL NUMBER |
| System control number |
(OCoLC)895308484 |
| 040 ## - CATALOGING SOURCE |
| Original cataloging agency |
1145 |
| Language of cataloging |
ger |
| Transcribing agency |
DE-101 |
| Modifying agency |
9999 |
| 041 ## - LANGUAGE CODE |
| Language code of text/sound track or separate title |
ger |
| Language code of original |
jpn |
| 044 ## - COUNTRY OF PUBLISHING/PRODUCING ENTITY CODE |
| ISO country code |
XA-DE-NW |
| 082 74 - DEWEY DECIMAL CLASSIFICATION NUMBER |
| Classification number |
741.5 |
| Assigning agency |
DE-101 |
| Edition number |
23sdnb |
| 090 ## - LOCALLY ASSIGNED LC-TYPE CALL NUMBER (OCLC); LOCAL CALL NUMBER (RLIN) |
| Classification number (OCLC) (R) ; Classification number, CALL (RLIN) (NR) |
b |
| 245 00 - TITLE STATEMENT |
| Title |
Ajin |
| Number of part/section of a work |
Akte 01. |
| Name of part/section of a work |
Die Entdeckung und die Handlungen danach |
| Statement of responsibility, etc. |
[story:] Tsuina Miura. [Manga:] Gamon Sakurai. [Aus dem Japan. von Claudia Peter] |
| 250 ## - EDITION STATEMENT |
| Edition statement |
1. Aufl. |
| 264 31 - PRODUCTION, PUBLICATION, DISTRIBUTION, MANUFACTURE, AND COPYRIGHT NOTICE |
| Place of production, publication, distribution, manufacture |
Köln |
| Name of producer, publisher, distributor, manufacturer |
Egmont-Verl.-Ges. |
| Date of production, publication, distribution, manufacture, or copyright notice |
2015 |
| 300 ## - PHYSICAL DESCRIPTION |
| Extent |
225 S. |
| Other physical details |
überw. Ill. |
| 336 ## - CONTENT TYPE |
| Content type term |
unbewegtes Bild |
| Content type code |
sti |
| Source |
rdacontent |
| 337 ## - MEDIA TYPE |
| Media type term |
ohne Hilfsmittel zu benutzen |
| Media type code |
n |
| Source |
rdamedia |
| 338 ## - CARRIER TYPE |
| Carrier type term |
Band |
| Carrier type code |
nc |
| Source |
rdacarrier |
| 653 ## - INDEX TERM--UNCONTROLLED |
| Uncontrolled term |
(Produktform)Paperback / softback |
| 653 ## - INDEX TERM--UNCONTROLLED |
| Uncontrolled term |
(Zielgruppe)ab 16 Jahre |
| 653 ## - INDEX TERM--UNCONTROLLED |
| Uncontrolled term |
(Lesealter)ab 16 Jahre bis 99 Jahre |
| 653 ## - INDEX TERM--UNCONTROLLED |
| Uncontrolled term |
Attack on Titan |
| 653 ## - INDEX TERM--UNCONTROLLED |
| Uncontrolled term |
unsterblich |
| 653 ## - INDEX TERM--UNCONTROLLED |
| Uncontrolled term |
Experimente |
| 653 ## - INDEX TERM--UNCONTROLLED |
| Uncontrolled term |
Motorrad |
| 653 ## - INDEX TERM--UNCONTROLLED |
| Uncontrolled term |
Mumie |
| 653 ## - INDEX TERM--UNCONTROLLED |
| Uncontrolled term |
Manga |
| 653 ## - INDEX TERM--UNCONTROLLED |
| Uncontrolled term |
Geist |
| 653 ## - INDEX TERM--UNCONTROLLED |
| Uncontrolled term |
Anime |
| 653 ## - INDEX TERM--UNCONTROLLED |
| Uncontrolled term |
Akira |
| 653 ## - INDEX TERM--UNCONTROLLED |
| Uncontrolled term |
(VLB-WN)2182: Taschenbuch / Belletristik/Comic, Cartoon, Humor, Satire/Manga, Manhwa |
| 773 08 - HOST ITEM ENTRY |
| Enumeration and first page |
11 |
| Record control number |
(DE-101)1072586290 |
| 856 42 - ELECTRONIC LOCATION AND ACCESS |
| Contact for access assistance |
X:MVB |
| Electronic format type |
text/html |
| Uniform Resource Identifier |
<a href="http://deposit.dnb.de/cgi-bin/dokserv?id=4814094&prov=M&dok_var=1&dok_ext=htm">http://deposit.dnb.de/cgi-bin/dokserv?id=4814094&prov=M&dok_var=1&dok_ext=htm</a> |
| Materials specified |
Inhaltstext |
| 942 ## - ADDED ENTRY ELEMENTS (KOHA) |
| Source of classification or shelving scheme |
Dewey Decimal Classification |
| Koha item type |
Manga |
| Suppress in OPAC |
No |